000 01193nam a22003977a 4500
001 BR2026000403
003 BR-BrBNA
005 20260324234410.0
008 260324b bl.||||| |||| 00| 0 por d
020 _a85-09-00096-4
040 _aBR-BrBNA
_bpor
041 _apor
072 _aP01 ; T01 ; P36
090 _aP01 BR2026000403
100 0 _aAlmeida, Amilton dos Santos (ed.)
100 0 _aFornasari Filho, Nilton
100 0 _aBraga, Tânia de Oliveira
100 0 _aSilva, Wanderlei Sérgio da
100 0 _aPamplona, Renato Ivo
110 _aInstituto de Pesquisas Tecnológicas, São Paulo, SP (Brasil)
_96224
245 _aControle e recuperação ambiental na Mina de Cana Brava - Goiás
_bBoletim 66
260 _aSão Paulo, SP (Brasil)
_c1992
300 _a88 p.
500 _aSummaries (En, Pt); 33 ref.; 30 illus.
650 _aGEOLOGIA
650 _aMINERAÇÃO
650 _aEXTRAÇÃO
650 _aIMPACTO AMBIENTAL
650 _aPOLUIÇÃO
650 _aDEGRADAÇÃO AMBIENTAL
650 _aCONTROLE AMBIENTAL
650 _aMONITORAMENTO AMBIENTAL
650 _aRESTAURAÇÃO AMBIENTAL
909 _a202603
_bFernando
942 _cBK
999 _c341037
_d341037